00415nam a2200133 a 4500008004100000020001500041050001700056100001900073245010000092260004400192300002200236350000900258650001400267120416s1990 ||||||||||||||||| || u a081380034x aHD 2131.5.Z8 aWood, Adrian P14aThe Dynamics of agricultural policy and reform in Zambiacedited by Adrian P. Wood [and others] aAmes, IowabIowa State Universityc1990 axlv, 682p. : ill. a0.00 aTEXTBOOKS